All Lego Spiderman villians - Statistics

General Stats
  • This quiz has been taken 103 times
  • The average score is 12 of 19
Answer Stats
Answer % Correct
Green Goblin
96%
Venom
92%
Doctor Octopus
90%
Sandman
86%
Carnage
85%
Electro
85%
Rhino
73%
Vulture
72%
Mysterio
69%
Hobgoblin
65%
Shocker
65%
Scorpion
62%
Kraven
59%
Black Cat
37%
Hydroman
37%
Beetle
31%
Moltenman
25%
Doctor Doom
23%
Morbius
23%
No matching quizzes found
Score Distribution
Percent of People with Each Score
Percentile by Number Answered
Your Score History
You have not taken this quiz